<?xml version="1.0" encoding="UTF-8"?>
<record
    xmlns:xsi="http://www.w3.org/2001/XMLSchema-instance"
    xsi:schemaLocation="http://www.loc.gov/MARC21/slim http://www.loc.gov/standards/marcxml/schema/MARC21slim.xsd"
    xmlns="http://www.loc.gov/MARC21/slim">

  <leader>01319nam2a2200265   4500</leader>
  <controlfield tag="001">RU\NLR\BIBL_A\011543372</controlfield>
  <controlfield tag="005">20250626090623.0</controlfield>
  <datafield tag="010" ind1=" " ind2=" ">
    <subfield code="a">978-5-4224-1354-6</subfield>
  </datafield>
  <datafield tag="021" ind1=" " ind2=" ">
    <subfield code="a">RU</subfield>
    <subfield code="b">2017-85164</subfield>
    <subfield code="9">6079</subfield>
  </datafield>
  <datafield tag="035" ind1=" " ind2=" ">
    <subfield code="a">(RuMoRGB)009446827</subfield>
  </datafield>
  <datafield tag="035" ind1=" " ind2=" ">
    <subfield code="a">(NLR Aleph) 011543372</subfield>
  </datafield>
  <datafield tag="090" ind1=" " ind2=" ">
    <subfield code="a">12207322</subfield>
    <subfield code="c">12207322</subfield>
  </datafield>
  <datafield tag="100" ind1=" " ind2=" ">
    <subfield code="a">20171130d2017    |||y0rusy50      ca</subfield>
  </datafield>
  <datafield tag="101" ind1="0" ind2=" ">
    <subfield code="a">rus</subfield>
    <subfield code="c">fre</subfield>
  </datafield>
  <datafield tag="102" ind1=" " ind2=" ">
    <subfield code="a">RU</subfield>
  </datafield>
  <datafield tag="105" ind1=" " ind2=" ">
    <subfield code="a">    z   001ay</subfield>
  </datafield>
  <datafield tag="200" ind1="1" ind2=" ">
    <subfield code="a">&#x416;&#x435;&#x440;&#x43C;&#x438;&#x43D;&#x438; &#x41B;&#x430;&#x441;&#x435;&#x440;&#x442;&#x435;</subfield>
    <subfield code="a">&#x413;&#x43E;&#x441;&#x43F;&#x43E;&#x436;&#x430; &#x416;&#x435;&#x440;&#x432;&#x435;&#x437;&#x435;</subfield>
    <subfield code="a">&#x428;&#x435;&#x440;&#x438;</subfield>
    <subfield code="e">&#x440;&#x43E;&#x43C;&#x430;&#x43D;&#x44B;</subfield>
    <subfield code="f">[&#x43F;&#x435;&#x440;. &#x441; &#x444;&#x440;. &#x421;. &#x412;&#x435;&#x43D;&#x433;&#x435;&#x440;&#x43E;&#x432;&#x43E;&#x439; &#x438; &#x434;&#x440;.]</subfield>
  </datafield>
  <datafield tag="215" ind1=" " ind2=" ">
    <subfield code="a">540, [3] &#x441;.</subfield>
    <subfield code="c">&#x438;&#x43B;., &#x43F;&#x43E;&#x440;&#x442;&#x440;.</subfield>
  </datafield>
  <datafield tag="320" ind1=" " ind2=" ">
    <subfield code="a">&#x410;&#x43B;&#x444;. &#x443;&#x43A;&#x430;&#x437;.: &#x441;. 542</subfield>
  </datafield>
  <datafield tag="461" ind1=" " ind2="0">
    <subfield code="1">001RU\NLR\BIBL_A\011543352</subfield>
    <subfield code="1">2001#$a&#x421;&#x43E;&#x431;&#x440;&#x430;&#x43D;&#x438;&#x435; &#x445;&#x443;&#x434;&#x43E;&#x436;&#x435;&#x441;&#x442;&#x432;&#x435;&#x43D;&#x43D;&#x43E;&#x439; &#x43F;&#x440;&#x43E;&#x437;&#x44B;$e[&#x432; 3 &#x442;.]$f&#x42D;&#x434;&#x43C;&#x43E;&#x43D; &#x434;&#x435; &#x413;&#x43E;&#x43D;&#x43A;&#x443;&#x440;, &#x416;&#x44E;&#x43B;&#x44C; &#x434;&#x435; &#x413;&#x43E;&#x43D;&#x43A;&#x443;&#x440;$g[&#x432;&#x441;&#x442;&#x443;&#x43F;. &#x441;&#x442;. &#x417;.&#x410;. &#x412;&#x435;&#x43D;&#x433;&#x435;&#x440;&#x43E;&#x432;&#x43E;&#x439;]$v&#x422;. 3</subfield>
    <subfield code="1">700#1$a&#x413;&#x43E;&#x43D;&#x43A;&#x443;&#x440;$b&#x42D;. &#x434;&#x435;$f1822-1896$g&#x42D;&#x434;&#x43C;&#x43E;&#x43D; &#x434;&#x435;$3RU\NLR\AUTH\7768690</subfield>
    <subfield code="9">12207222</subfield>
    <subfield code="a">&#x413;&#x43E;&#x43D;&#x43A;&#x443;&#x440;, &#x42D;. &#x434;&#x435; (1822-1896)</subfield>
    <subfield code="c">&#x41C;&#x43E;&#x441;&#x43A;&#x432;&#x430;</subfield>
    <subfield code="d">2017</subfield>
    <subfield code="f">&#x42D;&#x434;&#x43C;&#x43E;&#x43D; &#x434;&#x435; &#x413;&#x43E;&#x43D;&#x43A;&#x443;&#x440;, &#x416;&#x44E;&#x43B;&#x44C; &#x434;&#x435; &#x413;&#x43E;&#x43D;&#x43A;&#x443;&#x440;</subfield>
    <subfield code="n">&#x422;&#x435;&#x440;&#x440;&#x430;</subfield>
    <subfield code="o">[&#x432; 3 &#x442;.]</subfield>
    <subfield code="t">&#x421;&#x43E;&#x431;&#x440;&#x430;&#x43D;&#x438;&#x435; &#x445;&#x443;&#x434;&#x43E;&#x436;&#x435;&#x441;&#x442;&#x432;&#x435;&#x43D;&#x43D;&#x43E;&#x439; &#x43F;&#x440;&#x43E;&#x437;&#x44B;</subfield>
    <subfield code="y">9785422413515</subfield>
    <subfield code="v">&#x422;. 3</subfield>
  </datafield>
  <datafield tag="942" ind1=" " ind2=" ">
    <subfield code="c">BOOK</subfield>
  </datafield>
  <datafield tag="980" ind1=" " ind2=" ">
    <subfield code="a">NB</subfield>
  </datafield>
  <datafield tag="995" ind1=" " ind2=" ">
    <subfield code="5">2017-11-30</subfield>
    <subfield code="a">ad</subfield>
    <subfield code="b">NLR01</subfield>
    <subfield code="c">NLR01</subfield>
    <subfield code="e">RF31</subfield>
    <subfield code="f">1-2077453</subfield>
    <subfield code="k">2017-3/32840</subfield>
    <subfield code="o">0</subfield>
    <subfield code="p">0.00</subfield>
    <subfield code="r">BOOK</subfield>
    <subfield code="s">2017332840_</subfield>
  </datafield>
  <datafield tag="995" ind1=" " ind2=" ">
    <subfield code="5">2017-11-30</subfield>
    <subfield code="a">ad</subfield>
    <subfield code="b">NLR01</subfield>
    <subfield code="c">NLR01</subfield>
    <subfield code="e">RF31</subfield>
    <subfield code="f">1-2077457</subfield>
    <subfield code="k">2017-3/32840</subfield>
    <subfield code="o">0</subfield>
    <subfield code="p">0.00</subfield>
    <subfield code="r">BOOK</subfield>
    <subfield code="s">2017332840_</subfield>
  </datafield>
</record>
